| 000 -LEADER |
| fixed length control field |
02643cam a22003738i 4500 |
| 001 - CONTROL NUMBER |
| control field |
21463021 |
| 005 - DATE AND TIME OF LATEST TRANSACTION |
| control field |
20220720130349.0 |
| 008 - FIXED-LENGTH DATA ELEMENTS--GENERAL INFORMATION |
| fixed length control field |
200309s2020 enk b 001 0 eng |
| 010 ## - LIBRARY OF CONGRESS CONTROL NUMBER |
| LC control number |
2020005474 |
| 020 ## - INTERNATIONAL STANDARD BOOK NUMBER |
| International Standard Book Number |
9780367221607 |
| Qualifying information |
(hardback) |
| 020 ## - INTERNATIONAL STANDARD BOOK NUMBER |
| International Standard Book Number |
9780367221621 |
| Qualifying information |
(paperback) |
| 020 ## - INTERNATIONAL STANDARD BOOK NUMBER |
| Canceled/invalid ISBN |
9780429273544 |
| Qualifying information |
(ebook) |
| 040 ## - CATALOGING SOURCE |
| Original cataloging agency |
DLC |
| Language of cataloging |
eng |
| Description conventions |
rda |
| Transcribing agency |
DLC |
| 042 ## - AUTHENTICATION CODE |
| Authentication code |
pcc |
| 050 00 - LIBRARY OF CONGRESS CALL NUMBER |
| Classification number |
G155.A1 |
| Item number |
M344 2020 |
| 082 00 - DEWEY DECIMAL CLASSIFICATION NUMBER |
| Classification number |
910.68 |
| Author Mark |
MAS |
| 100 1# - MAIN ENTRY--PERSONAL NAME |
| Personal name |
Mason, Peter, |
| Dates associated with a name |
1951- |
| Relator term |
author. |
| 9 (RLIN) |
94046 |
| 245 10 - TITLE STATEMENT |
| Title |
Tourism impacts, planning and management / |
| Statement of responsibility, etc. |
Peter Mason. |
| 250 ## - EDITION STATEMENT |
| Edition statement |
Fourth editon. |
| 263 ## - PROJECTED PUBLICATION DATE |
| Projected publication date |
2007 |
| 264 #1 - PRODUCTION, PUBLICATION, DISTRIBUTION, MANUFACTURE, AND COPYRIGHT NOTICE |
| Place of production, publication, distribution, manufacture |
London : |
| Name of producer, publisher, distributor, manufacturer |
Routledge, |
| Date of production, publication, distribution, manufacture, or copyright notice |
2020. |
| 300 ## - PHYSICAL DESCRIPTION |
| Extent |
pages cm |
| 336 ## - CONTENT TYPE |
| Content type term |
text |
| Content type code |
txt |
| Source |
rdacontent |
| 337 ## - MEDIA TYPE |
| Media type term |
unmediated |
| Media type code |
n |
| Source |
rdamedia |
| 338 ## - CARRIER TYPE |
| Carrier type term |
volume |
| Carrier type code |
nc |
| Source |
rdacarrier |
| 504 ## - BIBLIOGRAPHY, ETC. NOTE |
| Bibliography, etc. note |
Includes bibliographical references and index. |
| 520 ## - SUMMARY, ETC. |
| Summary, etc. |
"Tourism Impacts, Planning and Management is a unique text, which links these three crucial areas of tourism - impacts, planning and management. Tourism impacts are multi-faceted and therefore are difficult to plan for and manage. This title looks at all the key players involved - be they tourists, host communities or industry members - and considers a number of approaches and techniques for managing tourism impacts successfully. Now in its fourth edition, this bestselling text has been fully revised to include: New material on overtourism, dark tourism, child sex tourism in South East Asia, festival tourism, regional development, and artificial intelligence; Updated tourism data and statistics; New case studies on the economic impacts of tourism in France, the twenty places most reliant on tourism in 2018, Fáilte Ireland's survey of good environmental practice in the industry, corporate social responsibility, as well as the above topical issues in tourism; An updated companion website including PPTs, video and web links and a case study archive. The text is written in an accessible style and includes a plethora of features that engage and aid understanding. This accessible yet academically rigorous introduction to tourism impacts, planning and management is essential reading for all tourism students"-- |
| Assigning source |
Provided by publisher. |
| 650 #0 - SUBJECT ADDED ENTRY--TOPICAL TERM |
| Topical term or geographic name entry element |
Tourism |
| General subdivision |
Management. |
| 9 (RLIN) |
94047 |
| 650 #0 - SUBJECT ADDED ENTRY--TOPICAL TERM |
| Topical term or geographic name entry element |
Tourism |
| General subdivision |
Planning. |
| 9 (RLIN) |
94048 |
| 776 08 - ADDITIONAL PHYSICAL FORM ENTRY |
| Relationship information |
Online version: |
| Main entry heading |
Mason, Peter, 1951- |
| Title |
Tourism impacts, planning and management |
| Edition |
Fourth editon. |
| Place, publisher, and date of publication |
Abingdon, Oxon ; New York, NY : Routledge, 2020. |
| International Standard Book Number |
9780429273544 |
| Record control number |
(DLC) 2020005475 |
| 906 ## - LOCAL DATA ELEMENT F, LDF (RLIN) |
| a |
7 |
| b |
cbc |
| c |
orignew |
| d |
1 |
| e |
ecip |
| f |
20 |
| g |
y-gencatlg |
| 942 ## - ADDED ENTRY ELEMENTS (KOHA) |
| Source of classification or shelving scheme |
|
| Koha item type |
Book |